000 00693nam a2200253Ia 4500
003 OSt
005 20220925230509.0
006 a|||||r|||| 00| 0
007 ta
008 220923b |||||||| |||| 00| 0 eng d
037 _cGeneral Book
040 _aRTL
_cRTL
_beng
041 _2eng
_aeng
082 _aQ7:33, K8
100 _aPike E Royston
_948920
245 0 _aMohammed
_b Prophet of the religion of Islam
250 _a2nd
260 _aLondon
_bWeidenfeld and Nicolson
_c1968
300 _a128p.
_ccm.
490 _aPathfinder biographies series
650 _aIslam
_9577
942 _hQ7:33, K8
_cGB
_2CC
999 _c585726
_d585726